Flags of the World #17 (Dependencies) - Statistics

General Stats
  • This quiz has been taken 25 times
  • The average score is 11 of 16
Answer Stats
Picture Answer % Correct
Guam
95%
Isle of Man
95%
Jersey
95%
American Samoa
90%
Guernsey
90%
Northern Mariana Islands
80%
Wake Island
80%
Ascension Island
75%
Tristan da Cunha
65%
Midway Atoll
60%
Donetsk
55%
Luhansk
55%
United States Virgin Islands
55%
Alderney
50%
Sark
45%
Herm
30%
No matching quizzes found
Score Distribution
Percent of People with Each Score
Percentile by Number Answered
Your Score History
You have not taken this quiz